Agricultural carrying capacity and regional development planning in Ethiopia : (Record no. 13534)
[ view plain ]
| 000 -LEADER | |
|---|---|
| fixed length control field | 00806nam a22002172 4500 |
| 001 - CONTROL NUMBER | |
| control field | 0000012861 |
| 005 - DATE AND TIME OF LATEST TRANSACTION | |
| control field | 20151217155853.0 |
| 008 - FIXED-LENGTH DATA ELEMENTS--GENERAL INFORMATION | |
| fixed length control field | 090325s xx 000 0 eng d |
| 020 ## - INTERNATIONAL STANDARD BOOK NUMBER | |
| International Standard Book Number | 3921882133 : |
| 040 ## - CATALOGING SOURCE | |
| Original cataloging agency | KABU |
| Transcribing agency | KABU |
| 245 10 - TITLE STATEMENT | |
| Title | Agricultural carrying capacity and regional development planning in Ethiopia : |
| Remainder of title | application of remote sensing procedures for development planning / |
| Statement of responsibility, etc. | Philipp Hartl ... [et al.]. |
| 250 ## - EDITION STATEMENT | |
| Edition statement | 1st ed. |
| 260 ## - PUBLICATION, DISTRIBUTION, ETC. (IMPRINT) | |
| Place of publication, distribution, etc. | Stuttgart, Germany : |
| Name of publisher, distributor, etc. | . urz, |
| Date of publication, distribution, etc. | 1990. |
| 300 ## - PHYSICAL DESCRIPTION | |
| Extent | x, 224 p. |
| 650 #0 - SUBJECT ADDED ENTRY--TOPICAL TERM | |
| Topical term or geographic name as entry element | Agriculture |
| General subdivision | Remote sensing |
| Geographic subdivision | Ethiopia. |
| -- | 0000169823 |
| 650 #0 - SUBJECT ADDED ENTRY--TOPICAL TERM | |
| Topical term or geographic name as entry element | Agricultural productivity |
| Geographic subdivision | Ethiopia. |
| -- | 0000169824 |
| 700 1# - ADDED ENTRY--PERSONAL NAME | |
| Personal name | Hartl, Philipp. |
| -- | 0000169825 |
| 852 1# - LOCATION | |
| -- | p400 KES |
| 908 ## - PUT COMMAND PARAMETER (RLIN) | |
| Put command parameter | 090325 |
| 950 ## - LOCAL HOLDINGS (RLIN) | |
| -- | 1 |
| Withdrawn status | Lost status | Source of classification or shelving scheme | Not for loan | Home library | Current library | Date acquired | Total Checkouts | Full call number | Barcode | Date last seen | Price effective from | Koha item type |
|---|---|---|---|---|---|---|---|---|---|---|---|---|
| Library of Congress Classification | Kabarak, Main Campus | Kabarak, Main Campus | 17/12/2015 | S494.5 R4A36 1990 c. 1 | 17330 | 17/12/2015 | 17/12/2015 | Africana Collection |